Sports Quiz

Random Sports or Soccer Quiz

Top 10 Brazilian players with most appearances in PL Quiz Stats

 Plays Quiz not verified by Sporcle

Support Sporcle.
Go Orange.
Score 0/10 Timer 05:00
0 Plays Today
Teams played - appearances Player % Correct
Manchester City - 215Fernandinho
92.7%
Chelsea - 223Willian
91.8%
Liverpool - 163Roberto Firmino
90.5%
Chelsea & Arsenal - 183David Luiz
86.2%
Arsenal - 170Gilberto Silva
83.2%
Liverpool - 152Philippe Coutinho
83.2%
Liverpool - 247Lucas Leiva
82.3%
Tottenham & Watford - 195Heurelho Gomes
78.9%
Chelsea - 131Oscar
78.4%
Chelsea - 159Ramires
71.6%

You're not logged in!

Compare scores with friends on all Sporcle quizzes.
OR
Log In

From the Vault

Roman Enemies

by bdps1028

The Romans sure were a feisty bunch.
Remove Ads.
Support Sporcle.
Get the best of Sporcle when you Go Orange. This ad-free experience offers more features, more stats, and more fun while also helping to support Sporcle. Thank you for becoming a member.

Show Comments

Extras

Top Quizzes Today


Score Distribution

Your Account Isn't Verified!

In order to create a playlist on Sporcle, you need to verify the email address you used during registration. Go to your Sporcle Settings to finish the process.

Report this User

Report this user for behavior that violates our Community Guidelines.

Details: